| 000 | 01131nam a22001817a 4500 | ||
|---|---|---|---|
| 005 | 20241120173141.0 | ||
| 010 | _aENG-142181 | ||
| 020 |
_a9789355431295 _c799.00 |
||
| 035 | _aEN-125713 | ||
| 037 | _bDBAD | ||
| 082 | _a921 | ||
| 100 |
_aMerchant, Minhaz _974020 |
||
| 245 |
_aIqbal Singh Chahal: _bCovid Warrior/ _cBy Minhaz Merchant |
||
| 260 |
_aNoida _bAmarllis _c2022 |
||
| 270 |
_aC-16 , sector 3, _bnoida, _e201301 _mwww.manjuliindia.com |
||
| 300 |
_a279p. _c24cm(hb) |
||
| 942 |
_2ddc _cEN _h921 _mMER |
||
| 999 |
_c205980 _d205980 |
||